<?xml version="1.0" encoding="UTF-8"?>
<record
    xmlns:xsi="http://www.w3.org/2001/XMLSchema-instance"
    xsi:schemaLocation="http://www.loc.gov/MARC21/slim http://www.loc.gov/standards/marcxml/schema/MARC21slim.xsd"
    xmlns="http://www.loc.gov/MARC21/slim">

  <leader>006380000a22001810004500</leader>
  <datafield tag="090" ind1=" " ind2=" ">
    <subfield code="a">SERIADAS</subfield>
  </datafield>
  <datafield tag="100" ind1="1" ind2=" ">
    <subfield code="a">Rada, Marco</subfield>
    <subfield code="9">100714</subfield>
  </datafield>
  <datafield tag="700" ind1="1" ind2=" ">
    <subfield code="a">Guayasamin, Juan M.</subfield>
    <subfield code="9">100715</subfield>
  </datafield>
  <datafield tag="245" ind1="1" ind2="0">
    <subfield code="a">Redescripci&#xF3;n de Cochranella megista (Rivero, 1985) y ampliaci&#xF3;n de la distribuci&#xF3;n de nueve ranas de cristal (Anura: Centrolenidae) en Colombia</subfield>
  </datafield>
  <datafield tag="044" ind1=" " ind2=" ">
    <subfield code="a">Brasil</subfield>
  </datafield>
  <datafield tag="041" ind1="0" ind2=" ">
    <subfield code="a">Espa&#xF1;ol</subfield>
  </datafield>
  <datafield tag="690" ind1=" " ind2=" ">
    <subfield code="a">Redescripci&#xF3;n</subfield>
    <subfield code="9">100716</subfield>
  </datafield>
  <datafield tag="690" ind1=" " ind2=" ">
    <subfield code="a">Distribuci&#xF3;n geogr&#xE1;fica</subfield>
    <subfield code="9">92997</subfield>
  </datafield>
  <datafield tag="690" ind1=" " ind2=" ">
    <subfield code="a">Anuros</subfield>
    <subfield code="9">100647</subfield>
  </datafield>
  <datafield tag="651" ind1=" " ind2="4">
    <subfield code="p">Colombia</subfield>
    <subfield code="l">Cordillera Occidental</subfield>
    <subfield code="9">92749</subfield>
  </datafield>
  <datafield tag="942" ind1=" " ind2=" ">
    <subfield code="c">ARTICULO</subfield>
  </datafield>
  <datafield tag="773" ind1="1" ind2=" ">
    <subfield code="t">Pap&#xE9;is avulsos de zoolog&#xED;a</subfield>
    <subfield code="h">12</subfield>
    <subfield code="q">89-101</subfield>
    <subfield code="d">2008</subfield>
    <subfield code="g">48</subfield>
  </datafield>
  <datafield tag="999" ind1=" " ind2=" ">
    <subfield code="c">16384</subfield>
    <subfield code="d">16384</subfield>
  </datafield>
</record>
